<?xml version="1.0" encoding="UTF-8"?><?xml-stylesheet type="text/xsl" href="static/style.xsl"?><OAI-PMH xmlns="http://www.openarchives.org/OAI/2.0/" xmlns:xsi="http://www.w3.org/2001/XMLSchema-instance" xsi:schemaLocation="http://www.openarchives.org/OAI/2.0/ http://www.openarchives.org/OAI/2.0/OAI-PMH.xsd"><responseDate>2026-06-03T18:11:51Z</responseDate><request verb="GetRecord" identifier="oai:riuma.uma.es:10630/7068" metadataPrefix="marc">https://riuma.uma.es/rest/oai/request</request><GetRecord><record><header><identifier>oai:riuma.uma.es:10630/7068</identifier><datestamp>2026-02-03T11:07:52Z</datestamp><setSpec>com_10630_2254</setSpec><setSpec>col_10630_37953</setSpec></header><metadata><record xmlns="http://www.loc.gov/MARC21/slim" xmlns:dcterms="http://purl.org/dc/terms/" xmlns:doc="http://www.lyncode.com/xoai" xmlns:xsi="http://www.w3.org/2001/XMLSchema-instance" xsi:schemaLocation="http://www.loc.gov/MARC21/slim http://www.loc.gov/standards/marcxml/schema/MARC21slim.xsd">
   <leader>00925njm 22002777a 4500</leader>
   <datafield ind2=" " ind1=" " tag="042">
      <subfield code="a">dc</subfield>
   </datafield>
   <datafield ind2=" " ind1=" " tag="720">
      <subfield code="a">Millán-Valldeperas, Eva</subfield>
      <subfield code="e">author</subfield>
   </datafield>
   <datafield ind2=" " ind1=" " tag="720">
      <subfield code="a">Descalço, Luis</subfield>
      <subfield code="e">author</subfield>
   </datafield>
   <datafield ind2=" " ind1=" " tag="720">
      <subfield code="a">Castillo, Gladys</subfield>
      <subfield code="e">author</subfield>
   </datafield>
   <datafield ind2=" " ind1=" " tag="720">
      <subfield code="a">Oliveira, Paula</subfield>
      <subfield code="e">author</subfield>
   </datafield>
   <datafield ind2=" " ind1=" " tag="720">
      <subfield code="a">Diogo, Sandra</subfield>
      <subfield code="e">author</subfield>
   </datafield>
   <datafield ind2=" " ind1=" " tag="260">
      <subfield code="c">2013-01</subfield>
   </datafield>
   <datafield ind2=" " ind1=" " tag="520">
      <subfield code="a">In this paper, we describe the integration and evaluation of an existing generic Bayesian student model&#xd;
(GBSM) into an existing computerized testing system within the Mathematics Education Project (PmatE -&#xd;
Projecto Matemática Ensino) of the University of Aveiro. This generic Bayesian student model had been&#xd;
previously evaluated with simulated students, but a real application was still missing. In the work&#xd;
presented here, we have used the GBSM to define Bayesian Student Models (BSMs) for a concrete&#xd;
domain: first degree equations. In order to test the diagnosis capabilities of such BSMs, an evaluation&#xd;
with 152 students has been performed. Each of the 152 students took both a computerized test within&#xd;
PMatE and a written exam, both of them designed to measure students’ knowledge in 12 concepts&#xd;
related to first degree equations. The written exam was graded by three experts. Then two BSMs were&#xd;
developed, one for the computer test and another one for the written exam. These BSMs were used to&#xd;
obtain estimations of student’s knowledge on the same 12 concepts, and the inter-rater agreement&#xd;
among the different measures was computed. Results show a high degree of agreement among the scores&#xd;
given by the experts and also among the diagnosis provided by the BSM in the written exam and expert’s&#xd;
average, but a low degree of agreement among the diagnosis provided by the BSM in the computer test&#xd;
and expert’s average</subfield>
   </datafield>
   <datafield ind1="8" ind2=" " tag="024">
      <subfield code="a">0360-1315</subfield>
   </datafield>
   <datafield ind1="8" ind2=" " tag="024">
      <subfield code="a">http://hdl.handle.net/10630/7068</subfield>
   </datafield>
   <datafield tag="653" ind2=" " ind1=" ">
      <subfield code="a">Toma de desiciones</subfield>
   </datafield>
   <datafield tag="653" ind2=" " ind1=" ">
      <subfield code="a">Estadística bayesiana</subfield>
   </datafield>
   <datafield ind2="0" ind1="0" tag="245">
      <subfield code="a">Using Bayesian networks to improve knowledge assessment</subfield>
   </datafield>
</record>
</metadata></record></GetRecord></OAI-PMH>